| 000 | 00488nam a2200181 4500 | ||
|---|---|---|---|
| 003 | SEACOMEC | ||
| 005 | 20240523112348.0 | ||
| 008 | 240507b |||||||| |||| 00| 0 eng d | ||
| 020 |
_a 9780070593572 _cRs.275.00 |
||
| 040 | _aSEACOMEC | ||
| 082 |
_a621.3 _bM685 |
||
| 100 | _a Mittle, V N | ||
| 245 | 1 |
_aBasic Electrical Engineering _cV N Mittle, Arvind Mittal |
|
| 250 | _a2nd ed. | ||
| 260 |
_aNew Delhi _bTata McGraw Hill _c2007 |
||
| 650 | _aElectrical Engineering | ||
| 942 | _cBOOK | ||
| 999 |
_c1025 _d1025 |
||